000 01200nam0a2200349 4500
001 RU\NLR\BIBL_A\016323905
005 20230522114119.0
010 _a978-5-392-38738-0
_91000
021 _aRU
_bКН-П-23-009130
_9КН-П-23-0900
035 _a(NLR Aleph) 016323905
035 _a(RuMoRGB)011597287
090 _a13039683
_c13039683
100 _a20230327d2023 u y0rusy50 ca
101 0 _arus
102 _aRU
105 _aa z 000zy
181 0 _ai3
_baxxe
182 0 _an
200 1 _aУчебник магии
_fЯ. И. Перельман
203 _aТекст
_bвизуальный
_cнепосредственный
210 _aМосква
_cПроспект
_d2023
215 _a45, [1] с.
_cил., табл.
_d21
225 1 _aДом занимательной науки
606 1 _aЗанимательная математика
_2nlr_sh2
_3RU\NLR\AUTH\661311688
686 0 _aШ9
_bВ1
686 1 _aВ10я92
700 1 _aПерельман
_bЯ. И.
_f1882-1942
_gЯков Исидорович
_3RU\NLR\AUTH\7745475
942 _cBOOK
980 _aNB